A First Course In Computers (Record no. 478214)

MARC details
000 -LEADER
fixed length control field 00607nam a2200205Ia 4500
008 - FIXED-LENGTH DATA ELEMENTS--GENERAL INFORMATION
fixed length control field 100315s9999 xx 000 0 und d
020 ## - INTERNATIONAL STANDARD BOOK NUMBER
International Standard Book Number 8125906347 
040 ## - CATALOGING SOURCE
Transcribing agency ENGLISH 
082 ## - DEWEY DECIMAL CLASSIFICATION NUMBER
Item number 3479 
Classification number 004 
100 ## - MAIN ENTRY--PERSONAL NAME
Personal name "Saxena, Sanjay "
245 ## - TITLE STATEMENT
Title A First Course In Computers
260 ## - PUBLICATION, DISTRIBUTION, ETC. (IMPRINT)
Place of publication, distribution, etc New Delhi 
Name of publisher, distributor, etc Vikas  
Date of publication, distribution, etc 2000 
365 ## - TRADE PRICE
Price note Rupees 
Unit of pricing
Price amount 150.00 
366 ## - TRADE AVAILABILITY INFORMATION
Publishers' discount category
505 ## - FORMATTED CONTENTS NOTE
Miscellaneous information Tushar Jadhav 
620 ## -
-- "Introduction To Computers, History of Computers, Windows 95,MS-DOS "
630 ## - SUBJECT ADDED ENTRY--UNIFORM TITLE
Uniform title A First Course In Computers
730 ## - ADDED ENTRY--UNIFORM TITLE
Uniform title A First Course In Computers
942 ## - ADDED ENTRY ELEMENTS (KOHA)
Koha item type Book
Holdings
Withdrawn status Lost status Damaged status Not for loan Home library Current library Date acquired Cost, normal purchase price Total Checkouts Full call number Barcode Date last seen Price effective from Koha item type
        Dr. V. N. Bedekar Institute of Management Studies Library Dr. V. N. Bedekar Institute of Management Studies Library 11/25/2005 150.00   004 /SAX  3479  VPMBRIMS-3479  03/19/2010 03/19/2010 Book